LEADER 01065nam 2200349 450 001 9910171035103321 005 20120424151723.0 035 $a(CKB)3280000000014062 035 $a(ItFiC)it 02493440 035 $a(EXLCZ)993280000000014062 100 $a20120424d2004 uy 0 101 0 $aita 200 00$aDiplomazia delle risorse $ele materie prime e il sistema internazionale nel Novecento : atti del Convegno internazionale, Urbino, 11-12 dicembre 2001 /$fa cura di Massimiliano Guderzo, Matteo Luigi Napolitano 210 $aFirenze $cPolistampa$d2004 215 $a594 p 225 0$aStoria delle relazioni internazionali ;$v6 311 $a88-8304-622-6 517 $aDiplomazia delle risorse 676 $a337 676 $a909 676 $a363 676 $a333 676 $a327 676 $a341 702 $aNapolitano$b Matteo Luigi 702 $aGuderzo$b Massimiliano 801 0$bItFiC 801 1$bItFiC 906 $aBOOK 912 $a9910171035103321 996 $aDiplomazia delle risorse$92429048 997 $aUNINA LEADER 02285oam 2200589 450 001 9910704041103321 005 20151028134330.0 035 $a(CKB)5470000002437245 035 $a(OCoLC)886546784 035 $a(EXLCZ)995470000002437245 100 $a20140812d1987 ua 0 101 0 $aeng 135 $aurmn||||||||| 181 $ctxt$2rdacontent 182 $cc$2rdamedia 183 $acr$2rdacarrier 200 10$aDepositional environments of coal-bearing and associated formations of Cretaceous age in the National Petroleum Reserve in Alaska /$fby Henry W. Roehler 210 1$a[Reston, Va.] :$cDepartment of the Interior, U.S. Geological Survey,$d1987. 210 2$aWashington :$cUnited States Government Printing Office. 215 $a1 online resource (iii, 16 pages) $cillustrations, maps 225 1 $aU.S. Geological Survey bulletin ;$v1575 300 $aTitle from title screen (viewed Aug. 4, 2014). 320 $aIncludes bibliographical references (pages 15-16). 517 3 $aDepositional environments of coal bearing and associated formations of Cretaceous age in the National Petroleum Reserve in Alaska 606 $aGeology, Stratigraphic$yCretaceous 606 $aGeology$zAlaska$zNational Petroleum Reserve 606 $aCoal$xGeology$zAlaska$zNational Petroleum Reserve 606 $aFormations (Geology)$zAlaska$zNational Petroleum Reserve 606 $aCoal$xGeology$2fast 606 $aCretaceous Geologic Period$2fast 606 $aGeology$2fast 606 $aGeology, Stratigraphic$2fast 607 $aAlaska$zNational Petroleum Reserve$2fast 615 0$aGeology, Stratigraphic 615 0$aGeology 615 0$aCoal$xGeology 615 0$aFormations (Geology) 615 7$aCoal$xGeology. 615 7$aCretaceous Geologic Period. 615 7$aGeology. 615 7$aGeology, Stratigraphic. 700 $aRoehler$b Henry W.$01392979 712 02$aGeological Survey (U.S.), 801 0$bCOP 801 1$bCOP 801 2$bOCLCO 801 2$bOCLCF 801 2$bGPO 906 $aBOOK 912 $a9910704041103321 996 $aDepositional environments of coal-bearing and associated formations of Cretaceous age in the National Petroleum Reserve in Alaska$93543449 997 $aUNINA LEADER 03471nam 2200673 a 450 001 9910956124403321 005 20260126234732.0 010 $a1-281-92148-3 010 $a9786611921484 010 $a90-474-2064-0 024 7 $a10.1163/ej.9789004160194.i-322 035 $a(CKB)1000000000556633 035 $a(EBL)468440 035 $a(OCoLC)302419469 035 $a(SSID)ssj0000181405 035 $a(PQKBManifestationID)11170004 035 $a(PQKBTitleCode)TC0000181405 035 $a(PQKBWorkID)10179397 035 $a(PQKB)10007786 035 $a(MiAaPQ)EBC468440 035 $a(nllekb)BRILL9789047420644 035 $a(Au-PeEL)EBL468440 035 $a(CaPaEBR)ebr10270899 035 $a(CaONFJC)MIL192148 035 $a(PPN)17041230X 035 $a(EXLCZ)991000000000556633 100 $a20071102d2007 uy 0 101 0 $aeng 135 $aur|n|---||||| 181 $ctxt 182 $cc 183 $acr 200 10$aInternational law as world order in Late Imperial China $etranslation, reception and discourse, 1847-1911 /$fby Rune Svarverud 205 $a1st ed. 210 $aLeiden ;$aBoston $cBrill$d2007 215 $a1 online resource (332 p.) 225 1 $aSinica Leidensia,$x0169-9563 ;$vv. 78 300 $aDescription based upon print version of record. 311 08$a90-04-16019-1 320 $aIncludes bibliographical references and index. 327 $tPreliminary material /$rR. Svarverud --$tChapter One. Chinese world order: Perspectives and frameworks /$rR. Svarverud --$tChapter Two. International law as discipline west and east /$rR. Svarverud --$tChapter Three. The early introduction of international law: Translations and language /$rR. Svarverud --$tChapter Four. The early discourse on international law in China /$rR. Svarverud --$tChapter Five. Japan and chinese translations of international law /$rR. Svarverud --$tChapter Six. International law as world order in early 20th century China /$rR. Svarverud --$tAppendix International. Law texts in chinese: A chronological bibliography 1847-1911 /$rR. Svarverud --$tBibliography /$rR. Svarverud --$tIndex /$rR. Svarverud. 330 $aThis is the first systematic analysis of the early introduction and reception of international law as a Western political and legal science in China. International law in late imperial China is studied both as part of the introduction of the Western sciences and as a theoretical orientation in international affairs between 1847 and 1911. The first chapters serve the purpose of analysing the political, institutional, intellectual and linguistic process of adapting the theories of international law to the Chinese context language. The second major part of the book is dedicated to the discourse on China and world order within this framework. 410 0$aSinica Leidensia ;$vv. 78. 606 $aInternational law$zChina$xHistory 606 $aInternational law$zChina$xLanguage 606 $aInternational law$xLanguage 607 $aChina$xForeign relations$y1644-1912 615 0$aInternational law$xHistory. 615 0$aInternational law$xLanguage. 615 0$aInternational law$xLanguage. 676 $a951.035 700 $aSvarverud$b Rune$0471949 801 0$bMiAaPQ 801 1$bMiAaPQ 801 2$bMiAaPQ 906 $aBOOK 912 $a9910956124403321 996 $aInternational law as world order in Late Imperial China$9228656 997 $aUNINA